Company Code / (Record no. 5951)
[ view plain ]
| 000 -LEADER | |
|---|---|
| fixed length control field | 00362nam a22001457a 4500 |
| 005 - DATE AND TIME OF LATEST TRANSACTION | |
| control field | 20250526134346.0 |
| 008 - FIXED-LENGTH DATA ELEMENTS--GENERAL INFORMATION | |
| fixed length control field | 250526b |||||||| |||| 00| 0 eng d |
| 050 ## - LIBRARY OF CONGRESS CALL NUMBER | |
| Classification number | KRX956 |
| Item number | .A29196.A52 |
| 100 ## - MAIN ENTRY--PERSONAL NAME | |
| Personal name | Republic of Ghana |
| 245 ## - TITLE STATEMENT | |
| Title | Company Code / |
| Remainder of title | Republic of Ghana |
| 300 ## - PHYSICAL DESCRIPTION | |
| Extent | 310 p. |
| Dimensions | 24 cm |
| 500 ## - GENERAL NOTE | |
| General note | ACT 179 |
| 650 ## - SUBJECT ADDED ENTRY--TOPICAL TERM | |
| Source of heading or term | ACT 179 |
| 942 ## - ADDED ENTRY ELEMENTS (KOHA) | |
| Source of classification or shelving scheme | Library of Congress Classification |
| Koha item type | Books |
| Suppress in OPAC | No |
| 999 ## - | |
| -- | 5951 |
| -- | 5951 |
| Withdrawn status | Lost status | Source of classification or shelving scheme | Damaged status | Not for loan | Collection | Home library | Current library | Shelving location | Date acquired | Total checkouts | Barcode | Date last seen | Copy number | Price effective from | Koha item type | Full call number |
|---|---|---|---|---|---|---|---|---|---|---|---|---|---|---|---|---|
| Library of Congress Classification | Non-fiction | Law Library (Christ Temple) | Law Library (Christ Temple) | Reference | 05/26/2025 | LLCT00000676 | 05/26/2025 | 1 | 05/26/2025 | Books | ||||||
| Library of Congress Classification | Non-fiction | Law Library (Christ Temple) | Law Library (Christ Temple) | Reference | 06/30/2025 | LLCT00000816 | 06/30/2025 | 1 | 06/30/2025 | Books | KRX956.A29196.A52 GHA |